| 000 | 00000nam##2200000za#4500 |
| 001 | 9.578564 |
| 003 | CaOODSP |
| 005 | 20210624190140 |
| 007 | cr ||||||||||| |
| 008 | 150406|1987||||xxc|||||o f|0| 0 eng|d |
| 022 | |a1488-5379 |
| 040 | |aCaOODSP|beng |
| 043 | |an-cn--- |
| 086 | 1 |aFs97-6/1588E-PDF |
| 110 | 1 |aCanada. |bDepartment of Fisheries and Oceans. |
| 245 | 13|aAn economic analysis of excess capacity in the Atlantic fish processing industry / |h[electronic resource]|cby Doug MacDonald. |
| 260 | |aSt. Andrews - New Brunswick : |bFisheries and Oceans Canada |c1987. |
| 300 | |a49p.|breferences |
| 490 | 1 |aCanadian technical report of fisheries and aquatic sciences|x1488-5379|vNo. 1588 |
| 500 | |aOn t.p.: Scotia-Fundy Region Program Coordination and Economics Branch, Halifax, Nova Scotia. |
| 546 | |a(Résumé en français) |
| 590 | |a14-03-Supp|b2014-01-17 |
| 720 | 1 |aMacDonald, Doug |
| 830 | #0|aCanadian technical report of fisheries and aquatic sciences,|x1488-5379|vNo. 1588|w(CaOODSP)9.504449 |
| 856 | 40|ahttp://publications.gc.ca|qPDF|s2637 KB|uhttps://publications.gc.ca/collections/collection_2014/mpo-dfo/Fs97-6-1588-eng.pdf|yNo. 1588 |